|
|
|
|
| LEADER |
00000cam a2200000 7i4500 |
| 001 |
0000001039 |
| 005 |
20020301.0 |
| 020 |
0 |
0 |
|a 9834031505
|
| 090 |
0 |
0 |
|a 381.33
|b MOH 2000
|
| 100 |
0 |
0 |
|a MOHD Hamdan Hj. Adnan
|
| 245 |
1 |
0 |
|a Memahami kepenggunaan
|c Mohd Hamdan Hj. Adnan
|
| 260 |
0 |
0 |
|a Petaling Jaya, Selangor :
|b FOMCA ,
|c 2000
|
| 300 |
|
|
|a xi,107 p. ;
|c 21 cm.
|
| 500 |
0 |
0 |
|a Bibliography : [p. 103-106]
|
| 650 |
0 |
0 |
|a Consumer education
|z Malaysia
|
| 650 |
0 |
0 |
|a Consumer protection
|z Malaysia
|
| 650 |
0 |
0 |
|a Consumers
|z Malaysia
|
| 710 |
1 |
1 |
|a Gabungan Persatuan Pengguna-Pengguna Malaysia
|
| 998 |
|
|
|a JPSM
|
| 999 |
|
|
|a 0000002025
|b Monograph
|c Open Shelf
|e Default branch
|
| 999 |
|
|
|a 0000002026
|b Monograph
|c Open Shelf
|e Default branch
|